000 00294nam a22001337a 4500
003 OSt
008 240731b |||||||| |||| 00| 0 eng d
082 _a635.63346
_bN28S
100 _aGBPUAT, Rantnagar
245 _aSouvenir
260 _aPantnagar
_c2005
300 _a142p.
942 _2ddc
_cDRB
999 _c42881
_d42881